000 006080000a22001930004500
001 32464
010 _a978-972-21-1864-4
090 _a32464
100 _a20140116d2007 m y0pory5003 ba
101 0 _apor
102 _aPT
200 1 _aCampo de trânsito
_fJoão Paulo Borges Coelho
210 _aLisboa
_cCaminho
_d2007
215 _a209 p
225 2 _aOutras margens
_iAutores estrangeiros de língua portuguesa
_v62
675 _a821.134.3(679)-31"20"
_vBN
_zpor
700 1 _aCoelho
_bJoão Paulo Borges
_f1955-
942 _cMON
_n0
999 _a32464
_bBibliobase - BMTAV
_c2019-01-21